Формулярные списки о службе служителей и инвалидов за 1819, 1820 и 1821 годы

Доступно только в Электронных читальных залах Найти на картеНа карте
RUSMARC
00003518nmc2a22002413x 450
001cfbe0a36-ce2d-45d6-837e-5d36694106db
00520240626031659.0
100##$a20240214l18191820k l0rusy0189 ca
1010#$arus
102##$aRU
105##$ay###
1222#$ad
2001#$aФормулярные списки о службе служителей и инвалидов за 1819, 1820 и 1821 годы
$j2 июня 1819 г. - 23 октября 1820 г.
215##$a190 л.
$d36,5х26 см
251##$cДело
300##$aДело
371##$aДокумент не является опубликованным и широко распространяемым
461#0$1001625a9a7e-a890-4307-a7fe-826a2289a412
$12001
$aГоф-интенданская контора Министерства императорского двора
$1251
$cФонд
$1852
$j470
462#0$10014bbd89d4-0ccf-4f2f-b811-87c494d99407
$12001
$aФормулярные списки
$1251
$cОпись
$1852
$j4
$l122-556
801#0$aRU
$bРГИА
$c20240214
$gRCR
801#1$aRU
$bГлавНИВЦ
$c20240214
$2rusmarc
801#2$aRU
$bПБ им. Б.Н. Ельцина
$c20240626
$gRCR
$2rusmarc
850##$aРГИА
852##$aРГИА
$eФедеральное казенное учреждение "Российский государственный исторический архив" (РГИА)
$j30
937##$hРГИА
$d12406936
$aASBIBLIO_SCAN
035##$aRusGRCC00072451
856##$uhttp://readingroom.main.prlib.ru/item.aspx?id_node=n192628440&mode=full
Формат отображения